Highest GINI coefficient in history - Statistics

General Stats
  • This quiz has been taken 47 times
    39 since last reset
  • The average score is 3 of 10
Answers on the Grid
Answers color-coded by a green-red scale on the quiz's grid according to % correct below.
South Africa
USA
China
Mexico
Namibia
Switzerland
Zambia
Brazil
Japan
Canada
Colombia
United Arab Emirates
Madagascar
Malawi
Bolivia
Lethoso
Botswana
Peru
New Zealand
Portugal
 
Answer Stats
Answer % Correct
South Africa
88%
Namibia
50%
Zambia
38%
Colombia
31%
Bolivia
25%
Botswana
19%
Brazil
19%
Lethoso
19%
Malawi
19%
United Arab Emirates
19%
No matching quizzes found
Score Distribution
Percent of People with Each Score
Percentile by Number Answered
Your Score History
You have not taken this quiz since the last reset